Napisz wszystkich oficjalnych zawodników Virtus.pro w cs:go - Statystyki

Ogólne statystyki
  • Ten quiz został rozwiązany 872 razy
  • Średni wynik to 8 z 20
Statystyki odpowiedzi
Hint Odpowiedź % Poprawnych
2014 snax
98%
2014 pasha
97%
2014 taz
95%
2014 neo
93%
2014 byali
88%
2018 michu
77%
2018 snatchie
58%
2019 vegi
43%
2019 okoliciouz
33%
2018 toao
31%
2018 morelz
29%
2012 dosia
26%
2019 sobol
19%
2012 adren
18%
2012 guardian
14%
2012 ange1
7%
2012 kucher
6%
2012 fox
4%
2012 craft1k
2%
2012 evil
2%
Nie znaleziono quizów pasujących do podanych kryteriów
Rozkład punktacji
Procent ludzi z każdym wynikiem
Percentyl według liczby udzielonych odpowiedzi
Twoja historia wyników
Nie rozwiązałeś tego quizu